Kugels and Collards : (Record no. 62523)

MARC details
000 -LEADER
campo de control de longitud fija 00694nmm a2200193Ia 4500
008 - DATOS DE LONGITUD FIJA--INFORMACIÓN GENERAL
campo de control de longitud fija 251105s9999||||xx |||||||||||||||||und||
020 ## - NÚMERO INTERNACIONAL ESTÁNDAR DEL LIBRO
Número Internacional Estándar del Libro 9781643364216
041 ## - CÓDIGO DE IDIOMA
Código de lengua del texto/banda sonora o título independiente eng
100 ## - ENTRADA PRINCIPAL--NOMBRE DE PERSONA
Nombre de persona Barnett, Rachel Gordin
245 #0 - MENCIÓN DEL TÍTULO
Título Kugels and Collards :
Resto del título Stories of Food, Family, and Tradition in Jewish South Carolina
264 ## - PRODUCCIÓN, PUBLICACIÓN, DISTRIBUCIÓN, FABRICACIÓN Y COPYRIGHT
Producción, publicación, distribución, fabricación y copyright [Washington, Estados Unidos] :
Nombre del de productor, editor, distribuidor, fabricante University of South Carolina Press,
Fecha de producción, publicación, distribución, fabricación o copyright [Fecha de publicación no identificada]
300 ## - DESCRIPCIÓN FÍSICA
Extensión 255 páginas
700 ## - ENTRADA AGREGADA--NOMBRE PERSONAL
Nombre de persona Barnett, Rachel Gordin
700 1# - ENTRADA AGREGADA--NOMBRE PERSONAL
Nombre de persona Harvey, Lyssa Kligman
700 1# - ENTRADA AGREGADA--NOMBRE PERSONAL
Nombre de persona Sherrer, III, John M.
700 1# - ENTRADA AGREGADA--NOMBRE PERSONAL
Nombre de persona Ferris, Marcie Cohen
856 ## - LOCALIZACIÓN Y ACCESO ELECTRÓNICOS
Identificador Uniforme de Recursos <a href="https://public.digitaliapublishing.com/a/159022">https://public.digitaliapublishing.com/a/159022</a>
942 ## - ELEMENTOS DE ENTRADA SECUNDARIOS (KOHA)
Tipo de ítem Koha Libro Digital

No items available.

Powered by Koha